000 00438nam a2200145Ia 4500
008 100204s9999 xx 000 0 und d
082 _b10363
100 _aरांगणेकर कुमुदिनी
245 _aओली जखम
260 _b"राहूल प्रकाशन , मुंबई 78"
_c1988
300 _a180
630 _aओली जखम
730 _aओली जखम
942 _cBOOK
999 _c454799
_d454796